00830cas a22002774i 4500001000400000003001000004005001700014008004100031022001400072037003400086040004600120041001300166043000700179245009200186260002300278264004600301300002600347310001400373336002700387337003300414338001200447362000900459650002700468773004500495810001200540116CO-MdFUSB20180601093003.0151030s2000 ck 000 0 spa d a0122-3577 bEditorial Cinco Cultural S.A. aCO-MdFUSBbspacCO-MdFUSBdCO-MdFUSBerda0 aspahspa ack10aRevista muy interesante b: la revista para saber mas de todoc/ Editora Cinco Cultural aBogotá, Colombia aColombia :bEditora Cinco Cultural,c1985 aVolumen 13-18c28 cm. aNo aplica 2rdacontentatextobtxt 2rdamediaasin mediaciónbn avolumen a2000 vPublicaciones seriadas dBogotá, Colombia, Muy interesante 2000 hRevista